Jóvenes: una evaluación del conocimiento. La Investigación sobre juventud en México 1986-1999 /

Guardado en:
Bibliografiske detaljer
Hovedforfatter: Pérez Islas, José Antonio
Autores Corporativos: Instituto Mexicano de la Juventud, Centro de Investigación y Estudios sobre Juventud
Format: Texto
Udgivet: México, D.F.: IMJ
Fag:
Tags: Tilføj Tag
Ingen Tags, Vær først til at tagge denne postø!

MARC

LEADER 00000 a a2200000 04500
001 26764
003
040
020 |a 968--5224-03-X  
090 |a 149619  
100 |a Pérez Islas, José Antonio  
110 |a Instituto Mexicano de la Juventud  
245 |a Jóvenes: una evaluación del conocimiento. La Investigación sobre juventud en México 1986-1999 /  |c Instituto Mexicano de la Juventud  
260 |a México, D.F.:   |b IMJ  
300 |a 634 p. en II tomos   |b fonodiscos  
650 |a JUVENTUD  
650 |a PARTICIPACION POLITICA  
650 |a ORGANIZACIONES JUVENILES  
650 |a UNIVERSIDADES  
650 |a MOVIMIENTOS ESTUDIANTILES  
650 |a ELECCIONES  
650 |a PARTIDOS POLITICOS  
650 |a INVESTIGACION  
650 |a TEORIA  
650 |a DEMOCRATIZACION  
650 |a ENCUESTAS  
650 |a PARTIDOS POLITICOS  
650 |a ELECCIONES  
650 |a UNIVERSITARIOS  
650 |a DOCUMENTACION  
650 |a PARTICIPACION POLITICA  
710 |a Centro de Investigación y Estudios sobre Juventud  
999 |c 16383  |d 16383